بيرون او دون جوان / (Record no. 47566)
[ view plain ]
| 000 -الفاتح | |
|---|---|
| حقل البيانات ثابتة الطول | 00414nam a2200145Ia 4500 |
| 008 - عناصر البيانات ثابتة الطول - معلومات عامة | |
| حقل البيانات ثابتة الطول | 140319s9999 xx 000 0 ara d |
| 040 ## - مصدر الفهرسة | |
| وكالة الفهرسة الأصلية | GCL / |
| وكالة النسخ | GCL |
| 082 04 - رقم تصنيف ديوى العشرى | |
| رقم التصنيف | 843 |
| رقم المادة | م ب |
| 100 1# - المدخل الرئيسى - إسم شخصى | |
| الإسم الشخصى | احمد الصاوى محمد |
| 245 10 - بيان العنوان | |
| العنوان | بيرون او دون جوان / |
| بيان المسئوليه,etc | احمد الصاوى محمد |
| 700 1# - المدخل الاضافى - اسم شخصى | |
| الإسم الشخصى | موروا, اندرى |
| 300 ## - الوصف المادى | |
| التعداد | 195 ص |
| 490 ## - بيان السلسلة | |
| عنوان السلسلة | مدرسة النبوغ |
| رقم المجلد/ التعيين التسلسلي | 0 |
| حالة التراجع | حالة الفقد | حالة تلف | ليس للاعارة | المكان المؤقت | الموقع الحالى | تاريخ الاكتساب | اجمالي اﻻعارات | رقم الطلب | الباركود | تاريخ اخر مشاهدة | تاريخ تفعيل السعر | نوع وعاء كوها |
|---|---|---|---|---|---|---|---|---|---|---|---|---|
| مكتبة القاهرة الكبرى | مكتبة القاهرة الكبرى | 03/26/2014 | 843\م ب | 114819 | 03/26/2014 | 03/26/2014 | كتاب |

